000
00325nam a22001337a 4500
008
171202b xxu||||| |||| 00| 0 eng d
020
_a
520518001
041
_a
eng
080
_a
338
100
_a
53
101
_a
MNG
245
_a
FAMILY ECONOMICS- HOME MANAGEMENT CONFERENCE
_c
THE UNIVERSITY OF GEORGIA
942
_2
udc
_c
BK
999
_c
38726
_d
38726